[Event "DEM U18 2019"]
[Site "Willingen GER"]
[Date "2019.06.09"]
[Round "2"]
[White "Buckels, Valentin"]
[Black "Vuckovic, Zarko"]
[Result "1-0"]
[Termination "normal"]
[Board "2"]
[WhiteTitle "IM"]
[WhiteElo "2448"]
[BlackElo "2132"]
[WhiteClock "00:06:45"]
[BlackClock "00:25:20"]
[PlyCount "65"]
[WhiteFideId "12942766"]
[BlackFideId "12952087"]
[EventCountry "GER"]
[EventRounds "9"]
[EventType "swiss"]
[EventDate "2019.06.08"]

1. Nf3 {[%clk 1:30:55]} 1... Nf6 {[%clk 1:30:32]} 2. g3 {[%clk 1:31:01]} 2...
d5 {[%clk 1:30:27]} 3. Bg2 {[%clk 1:30:46]} 3... Nc6 {[%clk 1:29:37]} 4. d4 {
[%clk 1:29:37]} 4... Bg4 {[%clk 1:29:14]} 5. h3 {[%clk 1:27:06]} 5... Bxf3 {
[%clk 1:27:42]} 6. exf3 {[%clk 1:27:11]} 6... g6 {[%clk 1:26:06]} 7. O-O {
[%clk 1:21:29]} 7... Bg7 {[%clk 1:26:31]} 8. c3 {[%clk 1:20:35]} 8... O-O {
[%clk 1:25:53]} 9. Re1 {[%clk 1:20:44]} 9... e6 {[%clk 1:25:30]} 10. Nd2 {
[%clk 1:16:21]} 10... b6 {[%clk 1:20:47]} 11. Nf1 {[%clk 1:06:17]} 11... Ne7 {
[%clk 1:20:51]} 12. g4 {[%clk 1:06:27]} 12... c5 {[%clk 1:21:06]} 13. Be3 {
[%clk 1:05:46]} 13... cxd4 {[%clk 1:14:08]} 14. cxd4 {[%clk 1:05:37]} 14... Ne8
{[%clk 1:14:08]} 15. Ng3 {[%clk 1:03:34]} 15... Nd6 {[%clk 1:14:26]} 16. b3 {
[%clk 1:00:25]} 16... Nc6 {[%clk 1:13:22]} 17. f4 {[%clk 0:55:18]} 17... Rc8 {
[%clk 1:08:37]} 18. Rc1 {[%clk 0:50:54]} 18... Nb5 {[%clk 1:04:56]} 19. Ne2 {
[%clk 0:49:40]} 19... Qd7 {[%clk 1:00:05]} 20. Qd2 {[%clk 0:47:39]} 20... Rc7 {
[%clk 0:58:05]} 21. f5 {[%clk 0:43:25]} 21... exf5 {[%clk 0:56:31]} 22. gxf5 {
[%clk 0:42:08]} 22... Qxf5 {[%clk 0:54:41]} 23. a4 {[%clk 0:29:37]} 23... Nd6 {
[%clk 0:55:02]} 24. Ng3 {[%clk 0:29:43]} 24... Qd7 {[%clk 0:55:17]} 25. Bxd5 {
[%clk 0:29:22]} 25... Ne7 {[%clk 0:55:29]} 26. Rxc7 {[%clk 0:27:33]} 26... Qxc7
{[%clk 0:54:33]} 27. Bg2 {[%clk 0:27:39]} 27... Ndf5 {[%clk 0:54:44]} 28. Bf4 {
[%clk 0:23:06]} 28... Qd7 {[%clk 0:54:45]} 29. d5 {[%clk 0:22:42]} 29... Nh4 {
[%clk 0:44:54]} 30. d6 {[%clk 0:20:36]} 30... Nc8 {[%clk 0:43:33]} 31. Ne4 {
[%clk 0:15:06]} 31... Re8 {[%clk 0:39:00]} 32. Bg5 {[%clk 0:07:24]} 32... Nxg2
{[%clk 0:25:20]} 33. Nf6+ {[%clk 0:06:45]} 1-0

[Event "DEM U18 2019"]
[Site "Willingen GER"]
[Date "2019.06.09"]
[Round "2"]
[White "Mätzkow, Maximilian Paul"]
[Black "Roseneck, Jonas"]
[Result "1/2-1/2"]
[Termination "normal"]
[Board "3"]
[WhiteTitle "FM"]
[BlackTitle "FM"]
[WhiteElo "2338"]
[BlackElo "2403"]
[WhiteClock "00:05:47"]
[BlackClock "00:07:56"]
[PlyCount "55"]
[WhiteFideId "24679933"]
[BlackFideId "12939870"]
[EventCountry "GER"]
[EventRounds "9"]
[EventType "swiss"]
[EventDate "2019.06.08"]

1. e4 {[%clk 1:30:58]} 1... c5 {[%clk 1:30:48]} 2. Nf3 {[%clk 1:31:23]} 2... d6
{[%clk 1:31:14]} 3. d4 {[%clk 1:31:39]} 3... cxd4 {[%clk 1:31:25]} 4. Nxd4 {
[%clk 1:32:04]} 4... Nf6 {[%clk 1:31:52]} 5. Nc3 {[%clk 1:32:28]} 5... a6 {
[%clk 1:32:20]} 6. h3 {[%clk 1:32:47]} 6... e5 {[%clk 1:31:20]} 7. Nde2 { [%clk
1:33:11]} 7... h5 {[%clk 1:31:41]} 8. Bg5 {[%clk 1:33:15]} 8... Be6 { [%clk
1:30:24]} 9. Bxf6 {[%clk 1:33:32]} 9... Qxf6 {[%clk 1:30:49]} 10. Nd5 { [%clk
1:33:55]} 10... Qd8 {[%clk 1:31:13]} 11. Nec3 {[%clk 1:34:06]} 11... g6 { [%clk
1:25:52]} 12. Bc4 {[%clk 1:32:29]} 12... Bh6 {[%clk 1:23:37]} 13. O-O { [%clk
1:31:32]} 13... O-O {[%clk 1:20:39]} 14. Qd3 {[%clk 1:29:41]} 14... Nc6 { [%clk
1:20:08]} 15. Rad1 {[%clk 1:28:16]} 15... Rc8 {[%clk 1:14:32]} 16. Bb3 { [%clk
1:18:02]} 16... Nd4 {[%clk 1:11:42]} 17. Ne2 {[%clk 0:57:40]} 17... Nxb3 {[%clk
1:04:42]} 18. Qxb3 {[%clk 0:52:53]} 18... b5 {[%clk 0:59:13]} 19. a4 { [%clk
0:47:06]} 19... Kh8 {[%clk 0:36:51]} 20. axb5 {[%clk 0:44:19]} 20... axb5
{[%clk 0:36:30]} 21. Nec3 {[%clk 0:15:14]} 21... f5 {[%clk 0:25:32]} 22. Qxb5 {
[%clk 0:14:42]} 22... fxe4 {[%clk 0:15:56]} 23. Qe2 {[%clk 0:14:35]} 23... Bxd5
{[%clk 0:11:20]} 24. Rxd5 {[%clk 0:11:48]} 24... e3 {[%clk 0:11:42]} 25. fxe3 {
[%clk 0:08:19]} 25... Qb6 {[%clk 0:10:26]} 26. Kh1 {[%clk 0:07:22]} 26... Qxb2
{[%clk 0:08:19]} 27. Rxf8+ {[%clk 0:05:41]} 27... Rxf8 {[%clk 0:07:56]} 28. Nd1
{[%clk 0:05:47]} 1/2-1/2

[Event "DEM U18 2019"]
[Site "Willingen GER"]
[Date "2019.06.09"]
[Round "2"]
[White "Muckle, Julius"]
[Black "Kuznecovs, Nikita"]
[Result "0-1"]
[Termination "normal"]
[Board "4"]
[WhiteTitle "FM"]
[BlackTitle "FM"]
[WhiteElo "2370"]
[BlackElo "2317"]
[WhiteClock "00:01:43"]
[BlackClock "00:00:43"]
[PlyCount "62"]
[WhiteFideId "12942430"]
[BlackFideId "11604557"]
[EventCountry "GER"]
[EventRounds "9"]
[EventType "swiss"]
[EventDate "2019.06.08"]

1. d4 {[%clk 1:30:59]} 1... Nf6 {[%clk 1:30:52]} 2. c4 {[%clk 1:31:26]} 2... e6
{[%clk 1:31:15]} 3. Nc3 {[%clk 1:31:54]} 3... Bb4 {[%clk 1:31:38]} 4. e3 {
[%clk 1:32:22]} 4... O-O {[%clk 1:31:59]} 5. Bd3 {[%clk 1:32:51]} 5... c5 {
[%clk 1:32:21]} 6. Nf3 {[%clk 1:33:18]} 6... b6 {[%clk 1:32:45]} 7. O-O { [%clk
1:33:42]} 7... Bb7 {[%clk 1:33:10]} 8. Bd2 {[%clk 1:34:09]} 8... cxd4 { [%clk
1:32:57]} 9. exd4 {[%clk 1:34:37]} 9... d5 {[%clk 1:33:04]} 10. cxd5 { [%clk
1:34:45]} 10... Bxc3 {[%clk 1:15:21]} 11. bxc3 {[%clk 1:34:16]} 11... Qxd5
{[%clk 1:15:44]} 12. Re1 {[%clk 1:29:09]} 12... Nbd7 {[%clk 1:15:52]} 13. Rb1
{[%clk 1:19:53]} 13... Qxa2 {[%clk 1:02:24]} 14. Re3 {[%clk 0:39:50]} 14... Qd5
{[%clk 0:51:12]} 15. Rb5 {[%clk 0:33:11]} 15... Qd6 {[%clk 0:51:22]} 16. Ne5
{[%clk 0:28:36]} 16... Ba6 {[%clk 0:49:42]} 17. Nxd7 {[%clk 0:24:59]} 17...
Qxd7 {[%clk 0:50:03]} 18. Rg5 {[%clk 0:25:17]} 18... Bxd3 {[%clk 0:50:24]} 19.
Rxd3 {[%clk 0:25:44]} 19... Ne4 {[%clk 0:46:19]} 20. Re5 {[%clk 0:24:35]} 20...
Nxd2 {[%clk 0:42:39]} 21. Qxd2 {[%clk 0:25:03]} 21... f6 {[%clk 0:32:51]} 22.
Re4 {[%clk 0:23:26]} 22... a5 {[%clk 0:31:01]} 23. Qe2 {[%clk 0:20:01]} 23...
Rfe8 {[%clk 0:06:29]} 24. Rde3 {[%clk 0:20:09]} 24... Rac8 {[%clk 0:04:59]} 25.
h3 {[%clk 0:08:10]} 25... Rc6 {[%clk 0:05:12]} 26. Qb5 {[%clk 0:07:54]} 26...
Rd6 {[%clk 0:00:38]} 27. Qxd7 {[%clk 0:05:32]} 27... Rxd7 {[%clk 0:01:06]} 28.
Rxe6 {[%clk 0:06:01]} 28... Rb8 {[%clk 0:00:37]} 29. Rc6 {[%clk 0:02:42]} 29...
a4 {[%clk 0:00:41]} 30. Re2 {[%clk 0:02:48]} 30... b5 {[%clk 0:00:46]} 31. Rb2
{[%clk 0:01:43]} 31... Ra7 {[%clk 0:00:43]} 0-1

[Event "DEM U18 2019"]
[Site "Willingen GER"]
[Date "2019.06.09"]
[Round "2"]
[White "Mütsch, Annmarie"]
[Black "Rieß, Alexander"]
[Result "0-1"]
[Termination "normal"]
[Board "5"]
[WhiteTitle "WIM"]
[BlackTitle "FM"]
[WhiteElo "2266"]
[BlackElo "2305"]
[WhiteClock "00:19:26"]
[BlackClock "00:23:26"]
[PlyCount "98"]
[WhiteFideId "12971367"]
[BlackFideId "12953326"]
[EventCountry "GER"]
[EventRounds "9"]
[EventType "swiss"]
[EventDate "2019.06.08"]

1. e4 {[%clk 1:30:56]} 1... e5 {[%clk 1:30:53]} 2. Nf3 {[%clk 1:31:19]} 2...
Nc6 {[%clk 1:31:18]} 3. Bc4 {[%clk 1:31:35]} 3... Bc5 {[%clk 1:31:38]} 4. c3 {
[%clk 1:31:57]} 4... Nf6 {[%clk 1:31:58]} 5. d4 {[%clk 1:32:13]} 5... exd4 {
[%clk 1:32:06]} 6. e5 {[%clk 1:32:34]} 6... d5 {[%clk 1:32:02]} 7. Bb5 { [%clk
1:32:58]} 7... Ne4 {[%clk 1:32:01]} 8. cxd4 {[%clk 1:33:22]} 8... Bb6 { [%clk
1:32:17]} 9. Nc3 {[%clk 1:33:32]} 9... O-O {[%clk 1:29:10]} 10. Be3 { [%clk
1:33:50]} 10... Bg4 {[%clk 1:21:49]} 11. h3 {[%clk 1:34:09]} 11... Bh5 { [%clk
1:20:15]} 12. Qc2 {[%clk 1:34:19]} 12... Bg6 {[%clk 1:20:21]} 13. Qb3 { [%clk
1:33:58]} 13... Ne7 {[%clk 1:19:57]} 14. O-O {[%clk 1:34:03]} 14... c6 { [%clk
1:20:09]} 15. Bd3 {[%clk 1:33:19]} 15... Nd2 {[%clk 1:19:23]} 16. Nxd2 { [%clk
1:21:07]} 16... Bxd3 {[%clk 1:19:43]} 17. Rfd1 {[%clk 1:20:47]} 17... Bg6
{[%clk 1:18:09]} 18. Na4 {[%clk 1:17:48]} 18... Nf5 {[%clk 1:13:43]} 19. Nxb6 {
[%clk 1:14:04]} 19... axb6 {[%clk 1:09:09]} 20. Re1 {[%clk 1:09:11]} 20... b5 {
[%clk 1:06:35]} 21. Qc3 {[%clk 1:07:12]} 21... Ra4 {[%clk 1:04:45]} 22. b4 {
[%clk 0:51:15]} 22... Qe7 {[%clk 0:49:07]} 23. a3 {[%clk 0:50:44]} 23... Rfa8 {
[%clk 0:44:26]} 24. Qb2 {[%clk 0:48:56]} 24... R4a7 {[%clk 0:44:00]} 25. Nb3 {
[%clk 0:47:09]} 25... Nh4 26. Nd2 {[%clk 0:41:09]} 26... Bf5 {[%clk 0:36:46]}
27. Qc3 {[%clk 0:38:20]} 27... h5 {[%clk 0:35:30]} 28. f3 {[%clk 0:36:09]}
28... Ng6 {[%clk 0:31:18]} 29. g4 {[%clk 0:28:01]} 29... Bd7 {[%clk 0:30:01]}
30. gxh5 {[%clk 0:17:36]} 30... Nh4 31. f4 {[%clk 0:17:46]} 31... Bxh3 { [%clk
0:22:02]} 32. Bf2 {[%clk 0:18:11]} 32... Bd7 {[%clk 0:21:29]} 33. Kh2 { [%clk
0:15:47]} 33... Nf5 {[%clk 0:21:06]} 34. Rg1 {[%clk 0:15:29]} 34... Qe6 { [%clk
0:18:40]} 35. Rg5 {[%clk 0:13:31]} 35... Nh6 {[%clk 0:08:11]} 36. Bh4 { [%clk
0:12:16]} 36... f6 {[%clk 0:06:11]} 37. Rg6 {[%clk 0:05:51]} 37... Qf5 { [%clk
0:04:07]} 38. Qf3 {[%clk 0:05:55]} 38... Ng4+ {[%clk 0:03:22]} 39. Kg3 { [%clk
0:05:17]} 39... Qxh5 {[%clk 0:03:16]} 40. Rxg4 {[%clk 0:03:30]} 40... Rxa3
{[%clk 0:00:44]} 41. Rxa3 {[%clk 0:22:02]} 41... Rxa3 {[%clk 0:30:13]} 42. Qxa3
{[%clk 0:21:53]} 42... Qxg4+ {[%clk 0:30:33]} 43. Kf2 {[%clk 0:22:20]} 43...
Qxh4+ {[%clk 0:30:23]} 44. Qg3 {[%clk 0:22:38]} 44... Qxg3+ { [%clk 0:29:47]}
45. Kxg3 {[%clk 0:23:02]} 45... Kf7 {[%clk 0:30:00]} 46. Nf3 { [%clk 0:22:53]}
46... Bf5 {[%clk 0:28:34]} 47. Nd2 {[%clk 0:20:43]} 47... Ke6 { [%clk 0:28:00]}
48. Nf1 {[%clk 0:20:41]} 48... b6 {[%clk 0:26:30]} 49. Ne3 { [%clk 0:19:26]}
49... c5 {[%clk 0:23:26]} 0-1

[Event "DEM U18 2019"]
[Site "Willingen GER"]
[Date "2019.06.09"]
[Round "2"]
[White "Ewert, Hannes"]
[Black "Hinrichs, Niklas"]
[Result "1-0"]
[Termination "normal"]
[Board "7"]
[WhiteTitle "FM"]
[WhiteElo "2268"]
[BlackElo "2128"]
[WhiteClock "00:02:47"]
[BlackClock "00:34:42"]
[PlyCount "109"]
[WhiteFideId "12961574"]
[BlackFideId "12942499"]
[EventCountry "GER"]
[EventRounds "9"]
[EventType "swiss"]
[EventDate "2019.06.08"]

1. e4 {[%clk 1:30:57]} 1... c5 {[%clk 1:30:56]} 2. Nc3 {[%clk 1:31:16]} 2...
Nc6 {[%clk 1:30:40]} 3. Nf3 {[%clk 1:30:17]} 3... g6 {[%clk 1:30:59]} 4. d4 {
[%clk 1:29:50]} 4... cxd4 {[%clk 1:30:56]} 5. Nxd4 {[%clk 1:30:19]} 5... Bg7 {
[%clk 1:31:17]} 6. Be3 {[%clk 1:30:42]} 6... d6 {[%clk 1:30:46]} 7. Bc4 { [%clk
1:29:20]} 7... Nf6 {[%clk 1:29:28]} 8. h3 {[%clk 1:25:40]} 8... O-O { [%clk
1:29:04]} 9. Bb3 {[%clk 1:24:40]} 9... a6 {[%clk 1:26:22]} 10. O-O { [%clk
1:23:08]} 10... Na5 {[%clk 1:20:13]} 11. Re1 {[%clk 1:20:52]} 11... b5 { [%clk
1:15:44]} 12. Bg5 {[%clk 1:03:48]} 12... h6 {[%clk 1:13:00]} 13. Bxf6 { [%clk
0:55:33]} 13... Bxf6 {[%clk 1:13:10]} 14. Bd5 {[%clk 0:55:54]} 14... Rb8 {[%clk
1:11:26]} 15. b4 {[%clk 0:47:13]} 15... Qb6 {[%clk 1:07:03]} 16. Nce2 { [%clk
0:41:35]} 16... Nb7 {[%clk 1:04:01]} 17. Qd2 {[%clk 0:38:13]} 17... Kh7 { [%clk
1:02:25]} 18. a4 {[%clk 0:33:32]} 18... Bd7 {[%clk 0:56:35]} 19. a5 { [%clk
0:30:04]} 19... Qc7 {[%clk 0:53:29]} 20. Rec1 {[%clk 0:23:48]} 20... e6 { [%clk
0:52:34]} 21. Bb3 {[%clk 0:17:23]} 21... Nc5 22. bxc5 {[%clk 0:13:52]} 22...
dxc5 {[%clk 0:46:06]} 23. Nf3 {[%clk 0:14:07]} 23... Bxa1 {[%clk 0:46:30] } 24.
Rxa1 {[%clk 0:14:31]} 24... c4 {[%clk 0:46:42]} 25. Ba2 {[%clk 0:14:56]} 25...
Bc6 {[%clk 0:45:00]} 26. Ng3 {[%clk 0:13:39]} 26... e5 {[%clk 0:44:35]} 27. Qb4
{[%clk 0:10:46]} 27... Bb7 {[%clk 0:44:11]} 28. Re1 {[%clk 0:09:36]} 28... Rfd8
{[%clk 0:43:37]} 29. h4 {[%clk 0:09:13]} 29... h5 {[%clk 0:42:11]} 30. Bb1
{[%clk 0:05:43]} 30... f6 {[%clk 0:41:56]} 31. c3 {[%clk 0:03:25]} 31... Rd7
{[%clk 0:39:37]} 32. Bc2 {[%clk 0:03:19]} 32... Rbd8 {[%clk 0:40:01]} 33. Nf1
{[%clk 0:02:15]} 33... Kg7 {[%clk 0:40:04]} 34. Ne3 {[%clk 0:02:38]} 34... Rd6
{[%clk 0:30:29]} 35. Kf1 {[%clk 0:02:18]} 35... Ba8 {[%clk 0:29:48]} 36. Qa3
{[%clk 0:01:33]} 36... Bb7 {[%clk 0:29:59]} 37. Ng1 {[%clk 0:01:19]} 37... Rd2
{[%clk 0:27:32]} 38. Nf3 {[%clk 0:01:48]} 38... R2d6 {[%clk 0:27:56]} 39. Qb4
{[%clk 0:01:13]} 39... Ba8 {[%clk 0:27:37]} 40. Rb1 {[%clk 0:00:40]} 40... R6d7
{[%clk 0:27:35]} 41. Ke2 {[%clk 0:26:19]} 41... Rd6 {[%clk 0:55:33]} 42. Qa3
{[%clk 0:24:03]} 42... Qd7 {[%clk 0:55:06]} 43. Re1 {[%clk 0:22:11]} 43... Bb7
{[%clk 0:55:00]} 44. Rg1 {[%clk 0:15:38]} 44... Kf7 {[%clk 0:46:04]} 45. g4
{[%clk 0:09:30]} 45... hxg4 {[%clk 0:45:11]} 46. Rxg4 {[%clk 0:09:38]} 46...
Bc8 {[%clk 0:44:58]} 47. Rg3 {[%clk 0:08:19]} 47... Bb7 {[%clk 0:38:12]} 48. h5
{[%clk 0:06:03]} 48... g5 {[%clk 0:36:05]} 49. Nf5 {[%clk 0:04:48]} 49... Rd1
{[%clk 0:35:19]} 50. Ne3 {[%clk 0:03:28]} 50... Rh1 {[%clk 0:34:11]} 51. Rxg5
{[%clk 0:03:08]} 51... Ke6 {[%clk 0:34:34]} 52. Rf5 {[%clk 0:02:18]} 52... Rh8
{[%clk 0:34:59]} 53. Ng4 {[%clk 0:01:57]} 53... Bxe4 {[%clk 0:34:16]} 54. Rxf6+
{[%clk 0:02:20]} 54... Kd5 {[%clk 0:34:42]} 55. Ne3# {[%clk 0:02:47]} 1-0

[Event "DEM U18 2019"]
[Site "Willingen GER"]
[Date "2019.06.09"]
[Round "2"]
[White "Martin, Julian"]
[Black "Parvanyan, Ashot"]
[Result "1/2-1/2"]
[Termination "normal"]
[Board "8"]
[WhiteTitle "IM"]
[BlackTitle "IM"]
[WhiteElo "2370"]
[BlackElo "2421"]
[WhiteClock "00:01:26"]
[BlackClock "00:08:40"]
[PlyCount "104"]
[WhiteFideId "12941000"]
[BlackFideId "13307550"]
[EventCountry "GER"]
[EventRounds "9"]
[EventType "swiss"]
[EventDate "2019.06.08"]

1. e4 {[%clk 1:30:59]} 1... e6 {[%clk 1:30:41]} 2. d4 {[%clk 1:31:23]} 2... d5
{[%clk 1:31:05]} 3. Nc3 {[%clk 1:31:49]} 3... Bb4 {[%clk 1:30:36]} 4. e5 {
[%clk 1:32:08]} 4... Ne7 {[%clk 1:30:46]} 5. a3 {[%clk 1:32:16]} 5... Bxc3+ {
[%clk 1:31:08]} 6. bxc3 {[%clk 1:32:40]} 6... c5 {[%clk 1:31:22]} 7. Qg4 {
[%clk 1:32:31]} 7... Qc7 {[%clk 1:31:15]} 8. Bd3 {[%clk 1:32:42]} 8... c4 {
[%clk 1:29:04]} 9. Be2 {[%clk 1:32:59]} 9... Nf5 {[%clk 1:29:11]} 10. Bd1 {
[%clk 1:33:24]} 10... Nc6 {[%clk 1:21:17]} 11. Ne2 {[%clk 1:33:47]} 11... O-O {
[%clk 1:19:37]} 12. O-O {[%clk 1:21:15]} 12... f6 {[%clk 1:18:02]} 13. f4 {
[%clk 1:04:09]} 13... Bd7 {[%clk 1:16:58]} 14. Qh3 {[%clk 0:58:14]} 14... b5 {
[%clk 1:12:04]} 15. Ng3 {[%clk 0:53:58]} 15... Nxg3 {[%clk 1:05:54]} 16. Qxg3 {
[%clk 0:53:53]} 16... fxe5 {[%clk 1:05:04]} 17. dxe5 {[%clk 0:52:37]} 17... a5
{[%clk 0:47:20]} 18. Be3 {[%clk 0:50:10]} 18... Ne7 {[%clk 0:47:14]} 19. Bg4 {
[%clk 0:46:18]} 19... Ra6 {[%clk 0:39:51]} 20. Qf2 {[%clk 0:39:19]} 20... Ng6 {
[%clk 0:29:33]} 21. Qg3 {[%clk 0:33:44]} 21... Raa8 {[%clk 0:26:14]} 22. Bd4 {
[%clk 0:31:15]} 22... Ne7 {[%clk 0:21:16]} 23. Qe3 {[%clk 0:30:26]} 23... Ra6 {
[%clk 0:14:58]} 24. Bc5 {[%clk 0:24:08]} 24... Be8 {[%clk 0:07:42]} 25. Rab1 {
[%clk 0:12:29]} 25... Bg6 {[%clk 0:04:13]} 26. Rxb5 {[%clk 0:09:53]} 26... Bxc2
{[%clk 0:04:28]} 27. Bd6 {[%clk 0:09:55]} 27... Qd7 {[%clk 0:04:39]} 28. Rc5 {
[%clk 0:10:20]} 28... Ra7 {[%clk 0:02:41]} 29. Bxe7 {[%clk 0:05:27]} 29... Qxe7
{[%clk 0:02:20]} 30. Rc6 {[%clk 0:05:50]} 30... Bf5 {[%clk 0:02:19]} 31. Bxf5 {
[%clk 0:05:53]} 31... exf5 {[%clk 0:02:22]} 32. Rd1 {[%clk 0:02:59]} 32... Rd8
{[%clk 0:01:10]} 33. Rc5 {[%clk 0:01:57]} 33... Raa8 {[%clk 0:00:35]} 34. a4 {
[%clk 0:01:28]} 34... Qa7 {[%clk 0:00:31]} 35. Qd4 {[%clk 0:01:10]} 35... h6 {
[%clk 0:00:32]} 36. Rb5 {[%clk 0:01:06]} 36... Qxd4+ {[%clk 0:00:32]} 37. Rxd4
{[%clk 0:01:31]} 37... Rab8 {[%clk 0:00:50]} 38. Rdxd5 {[%clk 0:01:41]} 38...
Rxd5 {[%clk 0:00:55]} 39. Rxb8+ {[%clk 0:02:04]} 39... Kf7 {[%clk 0:01:12]} 40.
Rc8 {[%clk 0:02:19]} 40... Rd1+ {[%clk 0:00:35]} 41. Kf2 {[%clk 0:02:23]} 41...
Rd2+ {[%clk 0:00:47]} 42. Kf1 {[%clk 0:02:31]} 42... g5 {[%clk 0:01:11]} 43.
Rxc4 {[%clk 0:27:20]} 43... gxf4 {[%clk 0:29:52]} 44. Rc5 {[%clk 0:22:49]}
44... Ke6 {[%clk 0:19:16]} 45. Rxa5 {[%clk 0:22:18]} 45... Ra2 {[%clk 0:19:35]}
46. Rc5 {[%clk 0:11:43]} 46... Rxa4 {[%clk 0:15:45]} 47. Kf2 {[%clk 0:12:00]}
47... h5 {[%clk 0:12:25]} 48. Kf3 {[%clk 0:10:28]} 48... h4 {[%clk 0:11:29]}
49. c4 {[%clk 0:08:28]} 49... Ra2 {[%clk 0:10:54]} 50. h3 {[%clk 0:03:54]}
50... Rc2 {[%clk 0:08:53]} 51. Kxf4 {[%clk 0:03:30]} 51... Rf2+ {[%clk 0:08:19]
} 52. Ke3 {[%clk 0:01:26]} 52... Rxg2 {[%clk 0:08:40]} 1/2-1/2

[Event "DEM U18 2019"]
[Site "Willingen GER"]
[Date "2019.06.09"]
[Round "2"]
[White "Schmider, Niklas"]
[Black "Engel, Robert"]
[Result "1-0"]
[Termination "normal"]
[Board "9"]
[WhiteElo "2300"]
[BlackElo "2067"]
[WhiteClock "00:10:14"]
[BlackClock "00:14:57"]
[PlyCount "67"]
[WhiteFideId "12993778"]
[BlackFideId "12974684"]
[EventCountry "GER"]
[EventRounds "9"]
[EventType "swiss"]
[EventDate "2019.06.08"]

1. e4 {[%clk 1:30:58]} 1... c5 {[%clk 1:30:53]} 2. Nf3 {[%clk 1:31:24]} 2... d6
{[%clk 1:31:17]} 3. d4 {[%clk 1:31:50]} 3... cxd4 {[%clk 1:31:41]} 4. Nxd4 {
[%clk 1:32:16]} 4... Nf6 {[%clk 1:32:02]} 5. Nc3 {[%clk 1:32:42]} 5... a6 {
[%clk 1:32:28]} 6. h4 {[%clk 1:33:08]} 6... e5 {[%clk 1:32:12]} 7. Nb3 { [%clk
1:33:31]} 7... Be7 {[%clk 1:29:28]} 8. Bg5 {[%clk 1:33:50]} 8... Be6 { [%clk
1:27:57]} 9. Bxf6 {[%clk 1:34:01]} 9... Bxf6 {[%clk 1:27:38]} 10. g3 { [%clk
1:34:15]} 10... O-O {[%clk 1:23:58]} 11. Qd2 {[%clk 1:34:07]} 11... Be7 { [%clk
1:19:21]} 12. O-O-O {[%clk 1:32:20]} 12... Nd7 {[%clk 1:18:57]} 13. f4 { [%clk
1:28:53]} 13... Nf6 {[%clk 0:59:03]} 14. f5 {[%clk 1:28:16]} 14... Bd7 { [%clk
0:57:10]} 15. g4 {[%clk 1:18:09]} 15... Nxg4 {[%clk 0:53:21]} 16. Rg1 { [%clk
1:14:49]} 16... h5 {[%clk 0:53:32]} 17. Bh3 {[%clk 0:51:43]} 17... Bxh4 { [%clk
0:49:42]} 18. Kb1 {[%clk 0:32:34]} 18... Nf2 {[%clk 0:32:17]} 19. f6 { [%clk
0:18:41]} 19... g6 {[%clk 0:27:08]} 20. Bxd7 {[%clk 0:19:05]} 20... Nxd1 {[%clk
0:26:26]} 21. Nd5 {[%clk 0:19:01]} 21... Kh7 {[%clk 0:22:27]} 22. Bf5 { [%clk
0:14:14]} 22... Nf2 {[%clk 0:20:10]} 23. Qe2 {[%clk 0:13:26]} 23... Kh6 { [%clk
0:17:02]} 24. Qe3+ {[%clk 0:13:24]} 24... g5 {[%clk 0:16:10]} 25. Nd2 { [%clk
0:12:30]} 25... Ng4 {[%clk 0:15:38]} 26. Bxg4 {[%clk 0:12:29]} 26... hxg4
{[%clk 0:16:05]} 27. Rxg4 {[%clk 0:12:52]} 27... Kh5 {[%clk 0:14:09]} 28. Qh3 {
[%clk 0:09:34]} 28... Qc8 {[%clk 0:13:22]} 29. Rxg5+ {[%clk 0:09:47]} 29...
Kxg5 {[%clk 0:13:44]} 30. Nf3+ {[%clk 0:10:11]} 30... Kg6 {[%clk 0:13:55]} 31.
Nxh4+ {[%clk 0:09:27]} 31... Kg5 {[%clk 0:14:12]} 32. Nf3+ {[%clk 0:09:50]}
32... Kg6 {[%clk 0:14:35]} 33. Qg3+ {[%clk 0:10:14]} 33... Kh7 {[%clk 0:14:57]}
34. Qg7# 1-0